|
|
|
|
| LEADER |
00000nam a22000007a 4500 |
| 003 |
cru CIDCACS/IIS |
| 005 |
20240111141035.0 |
| 008 |
240111b |||||||| |||| 00| 0 spa d |
| 040 |
|
|
|c cru CIDCACS/IIS
|
| 090 |
|
|
|a REV0249
|
| 245 |
|
|
|a Cuadernos de la CEPAL /
|c Comisión Económica para América Latina
|
| 260 |
|
|
|a Santiago, Chile:
|b CEPAL,
|c 1975-
|
| 500 |
|
|
|a EXISTENCIAS: 1975 (1-7, 9) 1976 (10-11) 1977 (14, 18-19) 1978 (21) 1979 (26-27) 1981 (39,40) 1983 (44, 45) 1988 (58) 1992 (67-68) 1995 (75) 1996 (75-76) 1997 (79, 76, 81, 82)
|
| 650 |
|
4 |
|a ESTRATEGIA DEL DESARROLLO
|9 2649
|2 TESAUROS
|
| 650 |
|
4 |
|a RELACIONES INTERNACIONALES
|9 2646
|2 TESAUROS
|
| 650 |
|
4 |
|a INTEGRACION ECONOMICA
|9 2642
|2 TESAUROS
|
| 650 |
|
4 |
|a ENCUESTAS DE HOGARES
|9 4375
|2 TESAUROS
|
| 650 |
|
0 |
|a DESARROLLO ECONOMICO
|9 2142
|2 TESAUROS
|
| 651 |
|
0 |
|a AMERICA LATINA
|9 17
|
| 942 |
|
|
|2 ddc
|c PP
|
| 999 |
|
|
|c 45446
|d 45446
|